| 000 | 00430nam a2200181Ia 4500 | ||
|---|---|---|---|
| 001 | 18351 | ||
| 005 | 20260306171624.0 | ||
| 008 | 260306s9999||||xx |||||||||||||| ||und|| | ||
| 041 | _aESP | ||
| 082 |
_a658.4034 _bE68 |
||
| 100 |
_aEppen, G.D. _eAUT |
||
| 245 | 0 | _aInvestigación de operaciones en la ciencia administrativa | |
| 260 | _c2000 | ||
| 300 |
_a _c |
||
| 650 | _aGEN | ||
| 654 | _aCAN | ||
| 942 |
_cLIB _dJUS _fJUS _2ddc _n |
||
| 999 |
_c18351 _d18351 |
||